Selections from the poetical works
Selección de poemas los cuales se caracterizan por su estilo de monólogo dramático, el estilo predominante de Browing. Los estudiosos consideran dicha colección de gran importancia cultural
Guardado en:
| 主要作者: | |
|---|---|
| 格式: | 圖書 |
| 語言: | Undetermined |
| 出版: |
Londres, Inglaterra
Smith, Elder & Co.
1897
|
| 主題: | |
| 標簽: |
添加標簽
沒有標簽, 成為第一個標記此記錄!
|
MARC
| LEADER | 00000nam a2200000Ia 4500 | ||
|---|---|---|---|
| 008 | 170316s9999 xx 000 0 und d | ||
| 040 | |a cru BVZT | ||
| 090 | |a 820 B-26p | ||
| 100 | |a Browing, Robert | ||
| 245 | |a Selections from the poetical works | ||
| 260 | |a Londres, Inglaterra | ||
| 260 | |b Smith, Elder & Co. | ||
| 260 | |c 1897 | ||
| 300 | |a 319 páginas | ||
| 520 | |a Selección de poemas los cuales se caracterizan por su estilo de monólogo dramático, el estilo predominante de Browing. Los estudiosos consideran dicha colección de gran importancia cultural | ||
| 650 | |a LITERATURA INGLESA |9 12 | ||
| 999 | |c 6739 |d 6739 | ||
| 942 | |c 15 D |h 820 B-26p |2 z | ||
